000 00425 a2200157 4500
001 70649
020 _a8526006274
040 _cAnchieta - Itaigara
100 _aSociedade Brasileira para o Progresso da Ciência
240 1 0 _aCiência hoje na escola
_lpor
245 1 0 _aCiência hoje na escola
300 _a96
362 0 _a2003
650 4 _aBiologia, antropologia, etnologia, ciência da vida (naturais)
942 _cBK
999 _c70649
_d70649